| 000 | 00719nam a22002890a 4500 | ||
|---|---|---|---|
| 001 | PT59197 | ||
| 003 | AR-LpoUNG | ||
| 005 | 20260120152113.0 | ||
| 008 | 201001s2017||||ag |||||||||||||||||spa d | ||
| 020 |
_a9789876302739 _c$4 |
||
| 040 |
_aAR-LpoUNG _bspa _eaacr |
||
| 041 | _aspa | ||
| 044 | _aag | ||
| 082 | 0 | _aA863 927act | |
| 100 | 1 | _aBudassi, Sonia | |
| 245 | 1 | 0 | _aActo de fe |
| 250 | _a1ra. ed. | ||
| 260 |
_aLos Polvorines : _bUniversidad Nacional de General Sarmiento, _c2017. |
||
| 300 |
_a40 p. : _btbls., gráfs. |
||
| 490 | 0 | _aContra Tiempos | |
| 650 | 4 | _aARGENTINA | |
| 650 | 4 | _aCUENTOS | |
| 650 | 4 | _aLITERATURA | |
| 653 | _aLITERATURA ARGENTINA | ||
| 905 | _a59197 | ||
| 942 |
_cLIB _2ddc |
||
| 999 |
_c51508 _d51508 |
||